|
|
|
|
| LEADER |
00000nab a2200000uu 4500 |
| 001 |
vtls010883665 |
| 003 |
SK-MaSNL |
| 005 |
20260303145125.0 |
| 008 |
230222|2003 xo |||||||||||||||||slo| |
| 015 |
|
|
|a SNBRB
|
| 035 |
|
|
|a (urnnbn)urn:nbn:sk:snk:ar-0026e1
|
| 035 |
|
|
|a (uuid)a4c5c89a-62ed-4b8d-af3f-154ba75435bc
|
| 035 |
|
|
|a urn:nbn:sk:snk-ab8f54
|
| 040 |
|
|
|a SNKBUCL
|b slo
|c SNKBUCL
|e AACR2
|
| 041 |
0 |
|
|a slo
|
| 044 |
|
|
|a xo
|c SK
|
| 100 |
1 |
|
|a Zábojníková, Hviezdoslava
|4 aut
|9 1167499
|
| 245 |
1 |
0 |
|a François Mauriac: Bozk malomocnému
|b (problematika tematicko-motivických štruktúr)
|c Hviezdoslava Zábojníková
|
| 600 |
1 |
7 |
|a Mauriac, François,
|d 1885-1970
|a Baiser au lepreux
|2 SNK
|9 1167500
|
| 773 |
0 |
|
|t Acta Nitriensiae : zborník Filozofickej fakulty Univerzity Konštantína Filozofa v Nitre
|g Č. 5 (2003), s. 325-343
|
| 954 |
|
|
|a odborná, vedecká literatúra pôvodná (slovenská)
|2 lita
|
| 958 |
|
|
|a OND
|
| 958 |
|
|
|a EUIPO
|
| 958 |
|
|
|a article10
|
| 999 |
|
|
|c 2000654
|d 2002584
|